الدليل الشامل لمشاريع الطلاب : (Record no. 4278)
[ view plain ]
| 000 -LEADER | |
|---|---|
| fixed length control field | 01019nam a2200205 ar4500 |
| 001 - CONTROL NUMBER | |
| control field | 4280 |
| 005 - DATE AND TIME OF LATEST TRANSACTION | |
| control field | 20221127090913.0 |
| 008 - FIXED-LENGTH DATA ELEMENTS--GENERAL INFORMATION | |
| fixed length control field | 150727s ua a 00010 ara d |
| 082 04 - DEWEY DECIMAL CLASSIFICATION NUMBER | |
| Classification number | 378.103 |
| Item number | ز112 |
| 100 1# - MAIN ENTRY--PERSONAL NAME | |
| Personal name | زاهد، منال عبدالله. |
| 245 12 - TITLE STATEMENT | |
| Title | الدليل الشامل لمشاريع الطلاب : |
| Remainder of title | مع الطالب خطوة بخطوة : استراتيجيات - افكار - امثلة ... / |
| Statement of responsibility, etc. | منال عبدالله زاهد، ايمان حسين ابو سليم. |
| 260 ## - PUBLICATION, DISTRIBUTION, ETC. | |
| Place of publication, distribution, etc. | القاهرة : |
| Name of publisher, distributor, etc. | الاتجاهات الثقافية للنشر والتوزيع، |
| Date of publication, distribution, etc. | 2014. |
| 300 ## - PHYSICAL DESCRIPTION | |
| Extent | 373 ص. : |
| Other physical details | ايض. ملونة ؛ |
| Dimensions | 30 سم. |
| 504 ## - BIBLIOGRAPHY, ETC. NOTE | |
| Bibliography, etc. note | يتضمن ارجاعات ببليوجرافية. |
| 650 #4 - SUBJECT ADDED ENTRY--TOPICAL TERM | |
| Topical term or geographic name entry element | طلبة الجامعات. |
| 650 #4 - SUBJECT ADDED ENTRY--TOPICAL TERM | |
| Topical term or geographic name entry element | التعليم العالي |
| General subdivision | طرق البحث. |
| 650 #4 - SUBJECT ADDED ENTRY--TOPICAL TERM | |
| Topical term or geographic name entry element | الجامعات والكليات |
| Form subdivision | موجزات ومختصرات. |
| 650 #4 - SUBJECT ADDED ENTRY--TOPICAL TERM | |
| Topical term or geographic name entry element | التعليم والمجتمع. |
| 700 0# - ADDED ENTRY--PERSONAL NAME | |
| Personal name | ابو سليم، ايمان حسين، |
| Relator term | م. مشارك. |
| Withdrawn status | Lost status | Source of classification or shelving scheme | Damaged status | Not for loan | Home library | Current library | Date acquired | Total Checkouts | Full call number | Barcode | Date last seen | Copy number | Price effective from | Koha item type |
|---|---|---|---|---|---|---|---|---|---|---|---|---|---|---|
| CENTRAL | CENTRAL | 11/27/2022 | 378.103 ز112 | 10000000012773 | 11/27/2022 | C1 | 11/27/2022 | Book |
